Rebecca of sunnybrook farm (Record no. 9042)

MARC details
000 -LEADER
fixed length control field 00836nam a22002177a 4500
003 - CONTROL NUMBER IDENTIFIER
control field OSt
005 - DATE AND TIME OF LATEST TRANSACTION
control field 20260312062650.0
008 - FIXED-LENGTH DATA ELEMENTS--GENERAL INFORMATION
fixed length control field 260312b |||||||| |||| 00| 0 eng d
020 ## - INTERNATIONAL STANDARD BOOK NUMBER
International Standard Book Number 978-1-4227-3693-3
040 ## - CATALOGING SOURCE
Original cataloging agency DWCL GS lib
Transcribing agency OC
082 ## - DEWEY DECIMAL CLASSIFICATION NUMBER
Classification number M143 2007
100 ## - MAIN ENTRY--PERSONAL NAME
Personal name MCFADDEN, DEANNA
245 ## - TITLE STATEMENT
Title Rebecca of sunnybrook farm
Statement of responsibility, etc. DEANNA MCFADDEN
260 ## - PUBLICATION, DISTRIBUTION, ETC.
Place of publication, distribution, etc. New York
Name of publisher, distributor, etc. Sterling Publishing
Date of publication, distribution, etc. 2007
300 ## - PHYSICAL DESCRIPTION
Extent 151p
Dimensions 20cm
520 ## - SUMMARY, ETC.
Summary, etc. Rebecca Rowena Randall, a lively, imaginative 10-year-old girl who leaves her impoverished family farm to live with her strict spinster aunts, Miranda and Jane, in Riverboro
650 ## - SUBJECT ADDED ENTRY--TOPICAL TERM
Topical term or geographic name entry element Rebecca Rowena Randall, a spirited, imaginative
650 ## - SUBJECT ADDED ENTRY--TOPICAL TERM
Topical term or geographic name entry element optimism, kindness, and a vivid imagination can overcome adversity and transform lives.
700 ## - ADDED ENTRY--PERSONAL NAME
Personal name DEANNA MCFADDEN
942 ## - ADDED ENTRY ELEMENTS (KOHA)
Source of classification or shelving scheme Dewey Decimal Classification
Koha item type Fiction
Suppress in OPAC No

No items available.